00861 a2200181 4500003000500000005001700005010001600022040000900038082001200047100003100059245009100090260005100181300003300232505034300265650002300608650001700631700003100648NUST20230118132005.0 a 79091194 cNust00a410,TRA1 aTraugott, Elizabeth Closs.10aLinguistics for students of literature /cElizabeth Closs Traugott, Mary Louise Pratt. aRawalpindi:b National Book Foundationcc1980. axv, 444 p. :bill. ;c24 cm. aLanguage, Linguistic and Literary Analysis (Page-1), The Sounds of English (Page-41), Morphemes and Words Introduction to The Lexicon (Page-87), Syntax (Page-129), Semantics (Page-187), Speech Acts and Speech Genres (Page-226), Establishing a Universe of Discourse (Page-272), Varieties of English (Page-309), English Contact (Page-358). 0aEnglish philology. 0aLinguistics.1 aPratt, Mary Louise,d1948-